Κατάλογος Βιβλιοθηκών Mediterranean College

Multinationals in Eastern Europe (Record no. 1275)

MARC details
000 -LEADER
fixed length control field 01376cam a22002054a 4500
005 - ΗΜΕΡΟΜΗΝΙΑ ΚΑΙ ΩΡΑ ΤΕΛΕΥΤΑΙΑΣ ΕΝΗΜΕΡΩΣΗΣ
Πεδίο ελέγχου 20250605164003.0
008 - FIXED-LENGTH DATA ELEMENTS--GENERAL INFORMATION
Πεδίο ελέγχου σταθερού μήκους 250528s ||||||||||||||||||||||||d
035 ## - SYSTEM CONTROL NUMBER
System control number 15719
020 ## - ISBN
ISBN 333792947
040 ## - ΠΗΓΗ ΚΑΤΑΛΟΓΟΓΡΑΦΗΣΗΣ
Φορέας πρωτότυπης καταλογογράφησης MC Athens Campus Library
Γλώσσα καταλογογράφησης Ελληνικά, Μοντέρνα (1453-)
Modifying agency MC Athens Campus Library
Κανόνες περιγραφικής καταλογογράφησης AACR2
245 1# - ΤΙΤΛΟΣ ΚΑΙ ΔΗΛΩΣΗ ΥΠΕΥΘΥΝΟΤΗΤΑΣ
Τίτλος Multinationals in Eastern Europe
250 ## - EDITION STATEMENT
Edition statement 1st
260 ## - PUBLICATION, DISTRIBUTION, ETC.
Name of publisher, distributor, etc. Macmillan Press Ltd,
Date of publication, distribution, etc. 2000
300 ## - PHYSICAL DESCRIPTION
Extent 388
520 ## - SUMMARY, ETC.
Summary, etc. This study identifies and analyses the extent to which the transition economies of Central Europe, Russia, Central Asia and the Caucasus are likely to attract inward foreign direct investment (FDI). Preface, Multinationals in Transition Economies, Multinationals in Eastern Europe: An Overview, Assessing the Costs and Benefits of Foreign Direct Investment: Some Theoretical Considerations, Multinationals in the Transition to a Market Economy, The Legacies for Russia of Soviet Foreign Investment Policy, Central and Baltic Europe, Hungary, The Czech Republic, Poland, Slovenia, The Baltic States, Russia and the Commonwealth of Independent States, Russia, The Russia Far East: The Role of Japan, Ukraine, Kazakhstan, The Transcaucasus Republics, East Asian Multinationals in Eastern Europe, Trends in East Asia Investment in the Transitional Economies, Bibliography, Index.
700 1# - ΠΡΟΣΘΕΤΗ ΑΝΑΓΡΑΦΗ--ΦΥΣΙΚΟ ΠΡΟΣΩΠΟ
Personal name Artisien-Maksimenko Patrick
9 (RLIN) 1685
942 ## - ADDED ENTRY ELEMENTS (KOHA)
Koha item type Books
Holdings
Τύπος τεκμηρίου Βιβλιοθήκη Τρέχουσα τοποθεσία Barcode Αριθμός εισαγωγής Ημερομηνία απόκτησης Ταξιθετικό σύμβολο Αριθμός αντιτύπου Κατάσταση απόσυρσης Κατάσταση χαμένου Κατάσταση κατεστραμμένου Μη δανεισμός Σύνολο δανεισμών Ημερομηνία τελευταίας εμφάνισης Η τιμή ισχύει από
Books MC Athens Campus Library MC Athens Campus Library 9780000012746 2076 05/06/2025 338.88/8847 ART 1           05/06/2025 05/06/2025

MC Athens Campus Library
Πατησίων 94 & Κοδριγκτώνος 13, 104 34
Πελλήνης 8 & Πατησίων 107, 112 51
Τ: +30 210 8899600

MC Thessaloniki Campus Library
Ίωνος Δραγούμη 21, 54625 | Ίωνος Δραγούμη 15, 54625
Τ: +30 2310 287779 – Τ: +30 2314 440300